旅行,教孩子学会勇敢 (Record no. 67848)

000 -LEADER
fixed length control field 00543nam a22001937a 4500
003 - CONTROL NUMBER IDENTIFIER
control field MPLRDC
005 - DATE AND TIME OF LATEST TRANSACTION
control field 20220104202849.0
008 - FIXED-LENGTH DATA ELEMENTS--GENERAL INFORMATION
fixed length control field 210129b ||||| |||| 00| 0 eng d
020 ## - INTERNATIONAL STANDARD BOOK NUMBER
International Standard Book Number 978-986-94104-7-2
082 ## - DEWEY DECIMAL CLASSIFICATION NUMBER
Classification number 752.78 CAM
100 ## - MAIN ENTRY--PERSONAL NAME
Personal name 詹姆士·坎贝尔 JAMES CAMPBELL
245 ## - TITLE STATEMENT
Title 旅行,教孩子学会勇敢
Statement of responsibility, etc. 娄美莲 译
250 ## - EDITION STATEMENT
Edition statement 初版一刷
260 ## - PUBLICATION, DISTRIBUTION, ETC.
Place of publication, distribution, etc. 台湾
Name of publisher, distributor, etc. 马可孛罗文化
Date of publication, distribution, etc. 2017
300 ## - PHYSICAL DESCRIPTION
Other physical details
520 ## - SUMMARY, ETC.
Summary, etc. 新书上架 2018-03-16。
650 ## - SUBJECT ADDED ENTRY--TOPICAL TERM
Topical term or geographic name entry element 阿拉斯加地方志
942 ## - ADDED ENTRY ELEMENTS (KOHA)
Koha item type Book
-- 752.78 CAM
Holdings
Withdrawn status Lost status Source of classification or shelving scheme Damaged status Not for loan Collection code Home library Current library Shelving location Date acquired Cost, normal purchase price Total Checkouts Full call number Barcode Date last seen Date last checked out Price effective from Koha item type Public note
            Malaysian Public Library, Research and Development Centre Malaysian Public Library, Research and Development Centre   24/01/2018 65.60   752.78 CAM 00061274 25/06/2022 03/01/2019 18/03/2021 Book mplrdc

© 2022. Malaysian Public Library, Research and Development Centre. All Right ReservedE-mailmplrdc@help.edu.my 

Powered by Koha